000 00613nam a2200205 a 4500
001 26538
003 CO-ViMGA
008 141112s2004 ck r 000 u spa d
020 _a9681671740
040 _aCO-ViMGA
_bspa
_cCO-ViMGA
090 _aC FAR2
100 1 _aFarías, Carolina
_95914
245 1 0 _aEn el principio /
_cCarolina Farías
260 _aMéxico :
_bFondo de Cultura Económica
300 _a40 p. : il. ; 23 cm.
490 _aLos especiales de A la orilla del viento
650 1 4 _aCUENTOS INFANTILES MEXICANOS
650 1 4 _aORIGEN DE LA VIDA - - CUENTOS INFANTILES
_95915
942 _2ddc
_cBK
999 _c11045
_d11045